Welcome to the Holygrace Academy Library

Please use search bar below to get started

BHAGATH SINGH (Record no. 4847)

MARC details
000 -LEADER
fixed length control field 00227nam a22001097a 4500
082 ## - DEWEY DECIMAL CLASSIFICATION NUMBER
Classification number 494
Item number OM/B
245 ## - TITLE STATEMENT
Title BHAGATH SINGH
260 ## - PUBLICATION, DISTRIBUTION, ETC. (IMPRINT)
Place of publication UTTARPRADESH
Name of publisher OM KIDZ
300 ## - PHYSICAL DESCRIPTION
Number of Pages 80
650 ## - SUBJECT ADDED ENTRY--TOPICAL TERM
Topical Term HINDI STORY
Geographic subdivision UTTARPRADESH
942 ## - ADDED ENTRY ELEMENTS (KOHA)
Koha item type Books
Holdings
Withdrawn status Lost status Collection code Home library Current library Shelving location Date acquired Source of acquisition Cost, normal purchase price Full call number Accession Number Koha item type
    Fiction Main Library Main Library SHELF-16E - HINDI GRAMMAR ,BIOGRAPHY& POEMS 21/10/2018 PURCHASE 250.00 494 OM/B 10340 Books